| 000 | 00804nam a2200229 a 4500 | ||
|---|---|---|---|
| 001 | 63218 | ||
| 003 | BD-RjUL | ||
| 005 | 20211209081154.0 | ||
| 008 | 170129s2003 ii ||||| |||| 00| 0 ben d | ||
| 020 |
_a8187360526 _c: Irs 100.00 |
||
| 035 | _a(BD-RjUL)63347 | ||
| 040 |
_aBD-RjUL _bben _cBD-RjUL |
||
| 041 | _aben | ||
| 082 |
_223 _a782.4209144 _bJHS 2003 |
||
| 100 |
_aঝা, শক্তিনাথ _9184443 |
||
| 245 | 1 | 0 |
_aশ্রমসংগীত / _cশক্তিনাথ ঝা |
| 260 |
_aকলিকাতা : _bলোকসংস্কৃতি ও আদিবাসি, _c২০০৩ |
||
| 300 |
_a[১০], ২০৩ পৃ. : _bচিত্র ; _c২১ সেমি. |
||
| 650 |
_aফোক গান _9188165 |
||
| 650 |
_aFolk Song _9179251 |
||
| 942 |
_2ddc _cBK |
||
| 999 |
_c63218 _d63218 |
||